Geograficzny quiz - 50 pytań - Statystyki

Ogólne statystyki
  • Ten quiz został rozwiązany 119 razy
    107 od ostatniego zresetowania
  • Średni wynik to 18 z 50
Statystyki odpowiedzi
Podpowiedź Odpowiedź % Poprawnych
Pasmo Górskie znajdujące się w Hiszpanii, Andorze i Francji. Pireneje
91%
Drugi Najwyższy szczyt na Świecie. K2
67%
Stolica Mołdawii. Kiszyniów
64%
Nazwa terytorium zamorskiego Francji w Ameryce Południowej. Gujana Francuska
55%
Najludniejsza spośrod trzech stolic RPA. Kapsztad
55%
Najrzadziej zaludnione Państwo Świata. Mongolia
55%
Nazwa Japońskiej Wyspy, na której znajduje się Tokio. Honsiu
54%
Kraj zaatakowany przez USA w 2003 roku. Irak
54%
Stan w Australii, który jest zarazem wyspą. Tasmania
52%
Najgłębsze jezioro na świecie. Jezioro Bajkał
48%
Największe jezioro świata. Morze Kaspijskie
48%
Kanał oddzielający Wielką Brytanię od Francji. Kanał La Manche
46%
Mała wyspa w Indonezji z większą populacją niż Rosja. Jawa
45%
Nazwa Azjatyckiej części Rosji. Syberia
45%
Wyspa, na której znajduje się Sri Lanka. Cejlon
42%
Największy Półwysep na Świecie. Półwysep Arabski
42%
Największe jezioro w Polsce. Jezioro Śniardwy
40%
Wyspa, na której urodził się Cristiano Ronaldo. Madera
40%
Morze, nad którym leży Grecja i Turcja. Morze Egejskie
40%
Jak Nazywa się Półwysep krajów Południowo-Wschodniej Azji. Półwysep Indochiński
40%
Cieśnina oddzielająca Europę od Afryki. Cieśnina Gibraltarska
39%
Największa wyspa w Tanzanii. Zanzibar
37%
Najdłuższa rzeka w Rosji. Lena
36%
Największa pustynia w Azji. Pustynia Gobi
36%
Półwysep, na którym znajduje się Turcja. Azja Mniejsza
34%
Najwyższy szczyt Kaukazu. Elbrus
34%
Nieuznawane Państwo na północy Somalii. Somaliland
34%
Region Hiszpani, w którym znajduje się Sewilla. Andaluzja
31%
Morze, od którego pochodzi nazwa wysp w Ameryce Północnej. Morze Karaibskie
31%
Największa wyżyna na Świecie. Wyżyna Tybetańska
31%
Zatoka, nad którą leży Sri Lanka, Indie, Bangladesz oraz Mjanma. Zatoka Bengalska
31%
Zatoka w Afryce zachodniej. Zatoka Gwinejska
31%
Depresja w Kalifornii. Dolina Śmierci
30%
Największe jezioro Ameryki Północnej. Jezioro Górne
30%
Najwyższy szczyt w Ameryce Północnej. Denali
28%
Jedyny kraj bez koloru czerwonego, białego lub niebieskiego na fladze. Jamajka
28%
Stolica Mjanmy. Naypyidaw
28%
Stolica Surinamu. Paramaribo
27%
Najwyższy szczyt w Ameryce Południowej. Aconcagua
25%
Inna nazwa Półwyspu Somalijskiego. Róg Afryki
25%
Największe miasto w Kazachstanie. Ałmaty
24%
Rzeka w USA oraz Meksyku przechodząca przez 7 stanów w tym Kalifornie, Nevadę i Arizonę. Kolorado
21%
Region Włoch, w którym znajduje się Turyn. Piemont
21%
Najmniejszy Stan w USA pod względem ludności. Wyoming
21%
Największe miasto w Australii Północnej. Darwin
19%
Miasto w Argentynie, które jest najbardziej wysuniętym na południe miastem Świata. Ushuaia
15%
Nazwa wyspy, która stanowi granicę Danii z Kanadą. Hans
13%
Największa nizina na Świecie. Nizina Amazonki
13%
Największe Miasto w Nebrasce. Omaha
6%
Kanał w Turkmenistanie. Kanał Karakumski
4%
Nie znaleziono quizów pasujących do podanych kryteriów
Rozkład punktacji
Procent ludzi z każdym wynikiem
Percentyl według liczby udzielonych odpowiedzi
Twoja historia wyników
Nie rozwiązałeś tego quizu od ostatniego zresetowania